Κβο Βάντις = Quo Vadis

Saved in:
Bibliographic Details
Main Author: Sienkiewicz, Henryk, 1846-1916
Other Authors: Πριονιστής, Μιχαήλ (Translator)
Format: Book
Language:Greek
Polish
Published: Αθήναι: [χ.ο.], 1968.
Series:Βιβλιοθήκη για όλους
Subjects:
Tags: Add Tag
No Tags, Be the first to tag this record!

MARC

LEADER 00000cam a2200000 a 4500
001 1/124462
008 220302s1968####gr | ||| |||| ||gre||
040 |a GR-MyUa  |b gre  |c GR-MyUa  |e AACR2 
041 1 |a gre  |h pol 
082 7 |a 891.8536   |2 (23) 
100 1 |a Sienkiewicz, Henryk,   |d 1846-1916. 
245 1 0 |a Κβο Βάντις = Quo Vadis /   |c Ερρίκου Σιέγκεβιτς ; μετάφραση: Μ.Πριονιστή.  
246 1 |i Άλλοι τίτλοι:   |a Quo Vadis 
260 |a Αθήναι:   |b [χ.ο.],   |c 1968.  
300 |a 255 σ. ;   |c 24 εκ.  
490 1 |a (Βιβλιοθήκη για όλους)  
500 |3 Τίτλος πρωτοτύπου: Quo Vadis.  
650 0 |a Polish fiction. 
700 1 |a Πριονιστής, Μιχαήλ,  |e trl 
830 0 |a Βιβλιοθήκη για όλους 
970 |a Σιδερή   |b Νεκταρία   |z 2022/03/02